Alcoholism: the facts

Saved in:  
Bibliographic Details
Main Author: Goodwin, Donald W. 1931- (Author)
Format: Print Book
Language:English
Published: Oxford New York Toronto Oxford University Press 1981
In:Year: 1981
Check availability: HBZ Gateway
Subito Delivery Service: Order now.
Keywords:

MARC

LEADER 00000cam a2200000 c 4500
001 216107156
003 DE-627
005 20260110112110.0
007 tu
008 961002s1981 xxk||||| 00| ||eng c
020 |a 0192612972  |c Festeinband  |9 0-19-261297-2 
035 |a (DE-627)216107156 
035 |a (DE-576)9216107154 
035 |a (DE-599)GBV216107156 
035 |a (OCoLC)833073045 
040 |a DE-627  |b ger  |c DE-627  |e rda 
041 |a eng 
044 |c XA-GB 
050 0 |a RC565 
082 0 |a 613.8/1 
100 1 |a Goodwin, Donald W.  |d 1931-  |e VerfasserIn  |0 (DE-588)121935272  |0 (DE-627)081631308  |0 (DE-576)29300305X  |4 aut 
109 |a Goodwin, Donald W. 1931-  |a Goodwin, Donald 1931- 
245 1 0 |a Alcoholism  |b the facts  |c by Donald W. Goodwin 
264 1 |a Oxford  |a New York  |a Toronto  |b Oxford University Press  |c 1981 
300 |a vi, 135 Seiten  |c 22 cm 
336 |a Text  |b txt  |2 rdacontent 
337 |a ohne Hilfsmittel zu benutzen  |b n  |2 rdamedia 
338 |a Band  |b nc  |2 rdacarrier 
490 0 |a Oxford medical publications 
583 1 |a Archivierung prüfen  |c 20250927  |f DE-640  |z 1  |2 pdager 
653 0 |a Alcoholism 
935 |a mkri 
951 |a BO 
ELC |b 1 
LOK |0 000 xxxxxcx a22 zn 4500 
LOK |0 001 4748790881 
LOK |0 003 DE-627 
LOK |0 004 216107156 
LOK |0 005 20250722125034 
LOK |0 008 250722||||||||||||||||ger||||||| 
LOK |0 040   |a DE-Frei85  |c DE-627  |d DE-Frei85 
LOK |0 852   |a DE-Frei85 
LOK |0 852 1  |m p  |9 00 
LOK |0 935   |a reko 
LOK |0 938   |k p 
LOK |0 939   |a 22-07-25  |b l01 
ORI |a SA-MARC-krimdoka001.raw